Un gran segreto di salute. (Record n. 24175)

Dettagli MARC
000 -LEADER
fixed length control field 01001nam a2200253Ia 4500
003 - CONTROL NUMBER IDENTIFIER
control field IT-RoPAU
005 - DATE AND TIME OF LATEST TRANSACTION
control field 20220918175651.0
008 - FIXED-LENGTH DATA ELEMENTS--GENERAL INFORMATION
fixed length control field 120407s9999 xx 000 0 und d
040 ## - CATALOGING SOURCE
Original cataloging agency IT-RoPAU
Transcribing agency 20130205112713.0
040 ## - CATALOGING SOURCE
Transcribing agency IT-RoPAU
041 ## - LANGUAGE CODE
Language code of text/sound track or separate title ita
100 ## - MAIN ENTRY--PERSONAL NAME
Personal name Chiesa, Francesco
9 (RLIN) 364
100 ## - MAIN ENTRY--PERSONAL NAME
Titles and words associated with a name can.
9 (RLIN) 365
245 ## - TITLE STATEMENT
Title Un gran segreto di salute.
Remainder of title La contrizione perfetta.
250 ## - EDITION STATEMENT
Edition statement III
260 ## - PUBLICATION, DISTRIBUTION, ETC. (IMPRINT)
Place of publication, distribution, etc. Pescara
Name of publisher, distributor, etc. Edizioni Paoline
Date of publication, distribution, etc. 1963
300 ## - PHYSICAL DESCRIPTION
Extent 105 p.
300 ## - PHYSICAL DESCRIPTION
Dimensions 16,5 cm
490 ## - SERIES STATEMENT
Series statement Ut innotescat, 41
490 ## - SERIES STATEMENT
Volume/sequential designation I
520 ## - SUMMARY, ETC.
Summary, etc. Indice<br/><br/>Prefazione<br/>Il più gran male dei mali, e il suo rimedio<br/>La confessione sacramentale è l'unico<br/> mezzo per ottenere il perdono dei<br/> peccati?<br/>Che cos'é la contriziione perfetta<br/>Effetti della contrizione perfetta<br/>Mezzi per avere la contrizione perfetta<br/>Difficoltà ed obiezioni<br/>Il perchè della grande importanza dell'atto<br/> di contrizione perfetta e conclusioni<br/> pratiche<br/>
942 ## - ADDED ENTRY ELEMENTS (KOHA)
Koha item type LIBRO
Source of classification or shelving scheme Dewey Decimal Classification
Dati di copia
Withdrawn status Lost status Source of classification or shelving scheme Damaged status Not for loan Home library Current library Date acquired Total Checkouts Full call number Date last seen Price effective from Koha item type Public note
    Dewey Decimal Classification Buone Condizioni Not For Loan PAULUS-BIBLIOTECA PAULUS-BIBLIOTECA 11/04/2012   P B5 11/04/2012 11/04/2012 LIBRO Inserito da: Sergio In data: 27 settembre 2011 fondo: Via A.Severo 56 Progr:35939
CREDITS: SOCIETA' SAN PAOLO Via A.Severo, 58 - ROMA (RM) & PERIODICI SAN PAOLO SRL Via Giotto, 36 MILANO & CISF Via Giotto, 36 MILANO & EDIZIONI SAN PAOLO SRL,  Piazza Soncino, 5 CINISELLO BALSAMO (MI) -- ITALY